Tiranía del evolucionismo / (Record no. 84672)

MARC details
000 -LEADER
campo de control de longitud fija 00453nam a2200157 i 4500
001 - NÚMERO DE CONTROL
campo de control 84672
003 - IDENTIFICADOR DE NÚMERO DE CONTROL
campo de control ES-MaACL
005 - FECHA Y HORA DE LA ÚLTIMA TRANSACCIÓN
campo de control 20230906175049.0
007 - CAMPO FIJO DE DESCRIPCIÓN FÍSICA--INFORMACIÓN GENERAL
campo de control de longitud fija t|
008 - DATOS DE LONGITUD FIJA--INFORMACIÓN GENERAL
campo de control de longitud fija 041123s1972 sp ||||1| spa d
100 1# - ENTRADA PRINCIPAL--NOMBRE DE PERSONA
Nombre de persona Janse, J. C.
9 (RLIN) 66054
245 10 - MENCIÓN DEL TÍTULO
Título Tiranía del evolucionismo /
Mención de responsabilidad, etc. J.C. Janse.
260 ## - PUBLICACIÓN, DISTRIBUCIÓN, ETC.
Lugar de publicación, distribución, etc. [Barcelona] :
Nombre del editor, distribuidor, etc. Asociación Cultural de Estudios de Literatura Reformada.
300 ## - DESCRIPCIÓN FÍSICA
Extensión 62 p. ;
Dimensiones 19 cm.
852 ## - LOCALIZACIÓN
Ubicación ES-MaACL
Número de control de estantería C-52571
Sublocalización o colección R.85327
Holdings
Estatus retirado Estado de pérdida Estado de daño No para préstamo Biblioteca de origen Biblioteca actual Ubicación en estantería Fecha de adquisición Fuente de adquisición Total de préstamos Signatura topográfica completa Código de barras Visto por última vez Precio de reemplazo Tipo de ítem Koha
        Biblioteca del Ateneo de Madrid Biblioteca del Ateneo de Madrid Depósito 2 17/01/2008     C-52571 1088489 23/02/2023 23/02/2023 Libro impreso